[Event "BL2 West 0809 (Women)"]
[Site "Germany"]
[Date "2009.03.08"]
[Round "7.2"]
[White "Kickert, Germaine Helene"]
[Black "Taranjuk, Olesja"]
[Result "1-0"]
[WhiteElo "1921"]
[BlackElo "1771"]
[PlyCount "103"]
[EventDate "2008.11.08"]
[EventType "team-tourn"]
[EventRounds "7"]
[EventCountry "GER"]
[SourceTitle "EXT 2010"]
[Source "ChessBase"]
[SourceDate "2010.11.25"]
[SourceVersion "1"]
[SourceVersionDate "2010.11.25"]
[SourceQuality "1"]
[WhiteTeam "Delmenhorst (W)"]
[BlackTeam "Lehrte (W) II"]
[WhiteTeamCountry "GER"]
[BlackTeamCountry "GER"]

1. e4 c6 2. d4 d5 3. exd5 cxd5 4. Bd3 g6 5. c3 Bg7 6. Bf4 Nf6 7. Nf3 Nc6 8. Nbd2 0-0 9. 0-0 Bd7 10. Re1 Nh5 11. Bg5 h6 12. Bh4 Nf4 13. Bb1 b6 14. Ne5 Nxe5 15. dxe5 Bb5 16. Qg4 Nd3 17. Re3 Nxe5 18. Qb4 Qd7 19. f4 a5 20. Qb3 Ng4 21. Rxe7 Qc6 22. a4 Qc5+ 23. Kh1 Bc6 24. Re2 Rfe8 25. Qd1 h5 26. Bd3 Rxe2 27. Qxe2 Re8 28. Qf1 d4 29. Nb3 Qd6 30. Nxd4 Bxd4 31. cxd4 Qxd4 32. Bb5 Bxb5 33. axb5 Qxb2 34. Rb1 Qc2 35. Rc1 Qf5 36. Rb1 Ne3 37. Qg1 Qxf4 38. Bf2 Qe4 39. Re1 Qc4 40. Rxe3 Rxe3 41. Bxe3 Qxb5 42. Bxb6 a4 43. Bc5 Qb2 44. Bd4 Qb4 45. Bf6 a3 46. h3 a2 47. Qd4 Qb1+ 48. Kh2 Qb8+ 49. Qe5 Qa8 50. Bh8 Kf8 51. Qd6+ Ke8 52. Bf6 1-0

[Event "BL2 West 0809 (Women)"]
[Site "Germany"]
[Date "2009.03.07"]
[Round "6.3"]
[White "Polushkina, Svetlana"]
[Black "Taranjuk, Olesja"]
[Result "1-0"]
[WhiteElo "2064"]
[BlackElo "1771"]
[PlyCount "97"]
[EventDate "2008.11.08"]
[EventType "team-tourn"]
[EventRounds "7"]
[EventCountry "GER"]
[SourceTitle "EXT 2010"]
[Source "ChessBase"]
[SourceDate "2010.11.25"]
[SourceVersion "1"]
[SourceVersionDate "2010.11.25"]
[SourceQuality "1"]
[WhiteTeam "Steinfurt (W)"]
[BlackTeam "Lehrte (W) II"]
[WhiteTeamCountry "GER"]
[BlackTeamCountry "GER"]

1. d4 Nf6 2. c4 g6 3. Nc3 Bg7 4. e4 d6 5. Bd3 Nc6 6. Nge2 0-0 7. 0-0 e5 8. d5 Ne7 9. Ng3 c6 10. f3 cxd5 11. exd5 Bd7 12. Be3 Qc8 13. Qe2 Nf5 14. Nxf5 gxf5 15. Rac1 f4 16. Bf2 b6 17. b4 Bf5 18. Nb5 Bxd3 19. Qxd3 Qd7 20. Rc2 Rfd8 21. a4 Nh5 22. Ra2 Bf6 23. a5 bxa5 24. Rxa5 a6 25. Nc3 Rdb8 26. Rb1 Ng7 27. c5 dxc5 28. bxc5 Rxb1+ 29. Qxb1 Bd8 30. c6 Qc7 31. Ra2 Rb8 32. Qd3 a5 33. Nb5 Qc8 34. Nd6 Qc7 35. Nc4 Rb5 36. h3 Nh5 37. Nxe5 Qb8 38. Qf5 Nf6 39. Qg5+ Kf8 40. Qh6+ Kg8 41. Re2 Rxd5 42. Qg5+ Kf8 43. Nd7+ Nxd7 44. Qxd5 Nf6 45. Bc5+ Kg8 46. Qg5+ Kh8 47. Bd4 Qb1+ 48. Kh2 Qg6 49. Re8+ 1-0

[Event "BL2 West 0809 (Women)"]
[Site "Germany"]
[Date "2008.11.09"]
[Round "2.3"]
[White "Opaska, Ines"]
[Black "Taranjuk, Olesja"]
[Result "1-0"]
[WhiteElo "1821"]
[BlackElo "1771"]
[PlyCount "83"]
[EventDate "2008.11.08"]
[EventType "team-tourn"]
[EventRounds "7"]
[EventCountry "GER"]
[SourceTitle "EXT 2010"]
[Source "ChessBase"]
[SourceDate "2010.11.25"]
[SourceVersion "1"]
[SourceVersionDate "2010.11.25"]
[SourceQuality "1"]
[WhiteTeam "Braunschweig (W)"]
[BlackTeam "Lehrte (W) II"]
[WhiteTeamCountry "GER"]
[BlackTeamCountry "GER"]

1. f4 d5 2. Nf3 g6 3. g3 Bg7 4. Bg2 c6 5. d3 Nf6 6. Nc3 Qb6 7. Na4 Qa5+ 8. c3 Nbd7 9. b4 Qc7 10. Bd2 0-0 11. 0-0 b5 12. Nb2 Re8 13. a4 a6 14. Nd4 Bb7 15. f5 e5 16. fxe6 fxe6 17. Bh3 Qd6 18. Nf3 e5 19. Qc1 c5 20. Qd1 cxb4 21. cxb4 Nh5 22. Qb3 h6 23. e4 Kh7 24. Rad1 Nhf6 25. Nh4 Rf8 26. Be3 Nh5 27. Nf3 Rf7 28. Ng5+ hxg5 29. Rxf7 Nhf6 30. Bxd7 Nxd7 31. Rff1 g4 32. d4 dxe4 33. dxe5 Qc6 34. Rd6 Qc8 35. Rc1 Qe8 36. Rc7 Bc8 37. Qe6 Qf8 38. Qxg6+ Kh8 39. Bf4 e3 40. Qh5+ Kg8 41. Bxe3 Nxe5 42. Rxg7+ 1-0

[Event "GER-chT Federal Cup (Women)"]
[Site "Braunfels"]
[Date "2006.05.05"]
[Round "2"]
[White "Feil, Carmen"]
[Black "Taranjuk, Olesja"]
[Result "1-0"]
[WhiteElo "1720"]
[BlackElo "1792"]
[PlyCount "65"]
[EventDate "2006.05.04"]
[EventType "team-swiss"]
[EventRounds "5"]
[EventCountry "GER"]
[SourceTitle "EXT 2010"]
[Source "ChessBase"]
[SourceDate "2010.11.25"]
[SourceVersion "1"]
[SourceVersionDate "2010.11.25"]
[SourceQuality "1"]

1. d4 Nf6 2. c4 e6 3. Nc3 Bb4 4. Bg5 h6 5. Bh4 b6 6. e3 Bb7 7. Nf3 c5 8. a3 Bxc3+ 9. bxc3 0-0 10. Bd3 d6 11. 0-0 Nbd7 12. Nd2 Qc7 13. f3 Rfe8 14. a4 d5 15. Qc2 e5 16. cxd5 exd4 17. e4 dxc3 18. Qxc3 Nh5 19. Nc4 Nf8 20. Ne3 Ng6 21. Bf2 Ne5 22. Bb5 Red8 23. Nf5 f6 24. Be3 a6 25. Be2 Nf7 26. f4 g6 27. Bxh5 gxf5 28. Qxf6 fxe4 29. Qg6+ Kf8 30. f5 Rxd5 31. f6 Rxh5 32. Qg7+ Ke8 33. Qg8+ 1-0

[Event "GER-chT Federal Cup (Women)"]
[Site "Braunfels"]
[Date "2006.05.04"]
[Round "1"]
[White "Taranjuk, Olesja"]
[Black "Van der Weth v Nordheim, Petra"]
[Result "1-0"]
[WhiteElo "1792"]
[BlackElo "1760"]
[PlyCount "79"]
[EventDate "2006.05.04"]
[EventType "team-swiss"]
[EventRounds "5"]
[EventCountry "GER"]
[SourceTitle "EXT 2010"]
[Source "ChessBase"]
[SourceDate "2010.11.25"]
[SourceVersion "1"]
[SourceVersionDate "2010.11.25"]
[SourceQuality "1"]

1. e4 c5 2. Nf3 d6 3. d4 cxd4 4. Nxd4 g6 5. Be3 Bg7 6. c3 Nf6 7. Nd2 Nc6 8. Bc4 0-0 9. 0-0 Ng4 10. Qe2 Nxe3 11. Qxe3 a6 12. Nxc6 bxc6 13. Nf3 Qc7 14. Rfd1 Rb8 15. Rd2 Qb6 16. Qf4 Bb7 17. Rad1 d5 18. exd5 cxd5 19. Bb3 e6 20. h4 h5 21. Qg5 Kh7 22. Re2 Qc7 23. Bc2 Kg8 24. Nd4 Bc8 25. Bb1 e5 26. Nb3 Be6 27. Qe3 Qc4 28. g3 Qg4 29. Nc5 d4 30. cxd4 exd4 31. Qd2 Bd5 32. Be4 Rbe8 33. Rde1 Bc4 34. Bd3 Rxe2 35. Rxe2 Bd5 36. Ne4 f5 37. Ng5 f4 38. Kh2 f3 39. Re1 Bh6 40. Bxg6 1-0

[Event "Alfeld Bezirk 3-ch"]
[Site "Alfeld"]
[Date "2005.10.02"]
[Round "4"]
[White "Grosse, Stefan"]
[Black "Taranjuk, Olesja"]
[Result "0-1"]
[WhiteElo "1689"]
[BlackElo "1774"]
[PlyCount "125"]
[EventDate "2005.10.01"]
[EventType "swiss"]
[EventRounds "5"]
[EventCountry "GER"]
[SourceTitle "EXT 2007"]
[Source "ChessBase"]
[SourceDate "2006.11.23"]
[SourceVersion "1"]
[SourceVersionDate "2006.11.23"]
[SourceQuality "1"]

1. e4 c6 2. d4 d5 3. e5 Bf5 4. g4 Bg6 5. h4 h5 6. e6 fxe6 7. Bd3 Bxd3 8. Qxd3 Nf6 9. Qg6+ Kd7 10. g5 Ne4 11. Nd2 Nxd2 12. Bxd2 Qe8 13. Qd3 g6 14. Rh3 Bg7 15. 0-0-0 e5 16. dxe5 Bxe5 17. Ne2 Rf8 18. Re3 Bd6 19. Rf3 Rxf3 20. Qxf3 e5 21. Re1 e4 22. Qe3 Na6 23. Bc3 Nc5 24. Nd4 Qf7 25. Qh3+ Kc7 26. b4 Bf4+ 27. Kb1 Na4 28. Ba1 Re8 29. Qa3 b5 30. Nb3 Be5 31. Bxe5+ Rxe5 32. Nc5 Qxf2 33. Rh1 Qf3 34. Qc1 Nxc5 35. Rf1 Qg3 36. bxc5 Kd7 37. Rf7+ Re7 38. Qf1 Qe5 39. Rf6 e3 40. Rd6+ Ke8 41. Rxc6 e2 42. Qe1 Rf7 43. Rf6 Rxf6 44. gxf6 Kf7 45. c6 Qxf6 46. Qxe2 Qxc6 47. Qf2+ Ke6 48. Qxa7 Qc4 49. Qg7 Qf1+ 50. Kb2 Qf6+ 51. Qxf6+ Kxf6 52. Kc3 g5 53. hxg5+ Kxg5 54. Kd4 h4 55. Kxd5 h3 56. Kc5 h2 57. Kxb5 h1Q 58. a4 Qb1+ 59. Ka6 Qxc2 60. a5 Qc6+ 61. Ka7 Qc7+ 62. Ka6 Kf6 63. Kb5 0-1

[Event "Halle-chT (Women)"]
[Site "Halle"]
[Date "2005.04.15"]
[Round "2.8"]
[White "Taranjuk, Olesja"]
[Black "Jacob, Christiane"]
[Result "1-0"]
[WhiteElo "1761"]
[BlackElo "1680"]
[PlyCount "109"]
[EventDate "2005.04.14"]
[EventType "team"]
[EventRounds "5"]
[EventCountry "GER"]
[SourceTitle "CBM 105 Extra"]
[Source "ChessBase"]
[SourceDate "2005.05.01"]
[SourceVersion "1"]
[SourceVersionDate "2005.05.01"]
[SourceQuality "1"]

1. d4 Nf6 2. c4 g6 3. Nf3 Bg7 4. Nc3 d5 5. Bf4 c6 6. e3 0-0 7. Rc1 Nbd7 8. cxd5 Nxd5 9. Nxd5 cxd5 10. Bc7 Qe8 11. Qb3 e5 12. Bd6 exd4 13. Bxf8 Nxf8 14. Bb5 Qe4 15. 0-0 Bf5 16. exd4 a6 17. Rfe1 Qf4 18. Bd3 Be6 19. Qb6 Nd7 20. Qxb7 Rb8 21. Rc8+ Rxc8 22. Qxc8+ Nf8 23. Qxa6 Bg4 24. Ne5 Qxd4 25. Nxg4 Qxg4 26. b3 Bd4 27. Qd6 Qg5 28. Qe7 Qf4 29. Qe2 Kg7 30. a4 Nd7 31. Bb5 Nc5 32. Rd1 Nxb3 33. Qc2 Nc5 34. Qd2 Be5 35. Qxf4 Bxf4 36. Rxd5 Nb3 37. Rd7 Nc5 38. Rd4 Bc7 39. Rd5 Ne4 40. f3 Nc3 41. Rd7 Bb6+ 42. Kf1 g5 43. Ke1 h6 44. Kd2 Ba5 45. Kd3 h5 46. Kd4 g4 47. fxg4 hxg4 48. Ke5 Kg6 49. Kf4 Bc7+ 50. Kxg4 Bxh2 51. Bd3+ Kf6 52. a5 Ke6 53. Bf5+ Kf6 54. a6 Nb5 55. a7 1-0